Contemporary Financial Management (Record no. 690)

MARC details
000 -LEADER
fixed length control field 01666cam a22003734a 4500
001 - CONTROL NUMBER
control field 13722433
005 - DATE AND TIME OF LATEST TRANSACTION
control field 20230606142910.0
008 - FIXED-LENGTH DATA ELEMENTS--GENERAL INFORMATION
fixed length control field 040917s2006 ohua b 001 0 eng
010 ## - LIBRARY OF CONGRESS CONTROL NUMBER
LC control number 2004113638
020 ## - INTERNATIONAL STANDARD BOOK NUMBER
International Standard Book Number 0324317476 (instructor's ed. package)
020 ## - INTERNATIONAL STANDARD BOOK NUMBER
International Standard Book Number 032428909X (instructor's ed. core)
020 ## - INTERNATIONAL STANDARD BOOK NUMBER
International Standard Book Number 0324289081 (student ed. package)
020 ## - INTERNATIONAL STANDARD BOOK NUMBER
International Standard Book Number 032428909X
040 ## - CATALOGING SOURCE
Original cataloging agency DLC
Transcribing agency DLC
042 ## - AUTHENTICATION CODE
Authentication code pcc
050 00 - LIBRARY OF CONGRESS CALL NUMBER
Classification number HG4026
Item number .M68 2006
082 ## - DEWEY DECIMAL CLASSIFICATION NUMBER
Classification number 658.15
Item number MCG
100 1# - MAIN ENTRY--PERSONAL NAME
Personal name Moyer, R. Charles,
Dates associated with a name 1945-
245 10 - TITLE STATEMENT
Title Contemporary Financial Management
Statement of responsibility, etc. R. Charles Moyer, James R. McGuigan, William J. Kretlow.
250 ## - EDITION STATEMENT
Edition statement 10th ed., instructor's ed.
260 ## - PUBLICATION, DISTRIBUTION, ETC. (IMPRINT)
Place of publication, distribution, etc. Mason, Ohio :
Name of publisher, distributor, etc. Thomson/South-Western,
Date of publication, distribution, etc. c2006.
300 ## - PHYSICAL DESCRIPTION
Extent 1 v. (various pagings) :
Other physical details ill. (some col.) ;
Dimensions 27 cm.
500 ## - GENERAL NOTE
General note Includes passcode to InfoTrac College Edition, the Online Library (WWW.infotrac-college.com) and serial number to access to Thomson One--Business School Edition, a Web-based portal product that provides integrated access to Thomson Financial content for the purpose of financial analysis.
500 ## - GENERAL NOTE
General note A duplicate table of interest factor (1 folded sheet) and a problem solving using financial calculators (1 folded sheet) inserted.
504 ## - BIBLIOGRAPHY, ETC. NOTE
Bibliography, etc Includes bibliographical references and index.
650 #0 - SUBJECT ADDED ENTRY--TOPICAL TERM
Topical term or geographic name as entry element Corporations
General subdivision Finance.
650 #0 - SUBJECT ADDED ENTRY--TOPICAL TERM
Topical term or geographic name as entry element Business enterprises
General subdivision Finance.
700 1# - ADDED ENTRY--PERSONAL NAME
Personal name McGuigan, James R.
700 1# - ADDED ENTRY--PERSONAL NAME
Personal name Kretlow, William J.
906 ## - LOCAL DATA ELEMENT F, LDF (RLIN)
a 7
b cbc
c origcop
d 2
e epcn
f 20
g y-gencatlg
942 ## - ADDED ENTRY ELEMENTS (KOHA)
Source of classification or shelving scheme Dewey Decimal Classification
Koha item type Books
Holdings
Withdrawn status Lost status Source of classification or shelving scheme Damaged status Not for loan Home library Current library Date acquired Total Checkouts Full call number Barcode Date last seen Price effective from Koha item type
    Dewey Decimal Classification     Bunge Tower Library Bunge Tower Library 06/06/2023   658.15 MCG 10000061 06/06/2023 06/06/2023 Books
LIBRARY OPENING HOURS

When the Parliament is sitting: 8.00a.m - 7.00p.m or until the house adjourns
Mondays and Fridays and when the House is on Recess:  8.00a.m - 5.00p.m
Closed on Weekends and Public Holidays

Online Public Access Catalog (OPAC)
Website: http://www.parliament.go.ke
Bunge Library: https://libraryir.parliament.go.ke
Contact: library@parliament.go.ke | Tel no: (254-2)2221291 or 2848000 Ext 5043